000 00389nam a2200181Ia 4500
008 240510s9999 xx 000 0 und d
041 _aEng
082 _a519.2
082 _bH19
100 _aHAYSLETT, H.J.
245 0 _aStatistics : made simple
260 _bLondon , W.H. Allen
260 _c1967
300 _a251 p.
650 _aStatistics
942 _2ddc
942 _cLBK
999 _c23435
_d23435
945 _a1
_bMadushi Gamage
_c1
_dMadushi Gamage